| Tag |
First Indicator |
Second Indicator |
Subfields |
| LEADER |
00000cam a22000001 4500 |
| 001 |
in00000418621 |
| 005 |
20151012060407.0 |
| 008 |
790516s1961 nyu 00110ceng |
| 010 |
|
|
|a 61005833
|
| 035 |
|
|
|a (OCoLC)00330710
|
| 035 |
|
|
|9 ABV2905AM
|
| 040 |
|
|
|a DLC
|c DLC
|d TXA
|d UtOrBLW
|
| 049 |
|
|
|a TXAM
|c [A09785468]
|
| 050 |
0 |
0 |
|a PN1993.5.U65
|b G58
|
| 082 |
0 |
|
|a 791.430979494
|
| 100 |
1 |
|
|a Goodman, Ezra.
|
| 245 |
1 |
4 |
|a The fifty-year decline and fall of Hollywood /
|c by Ezra Goodman.
|
| 264 |
|
1 |
|a New York :
|b Simon and Schuster,
|c 1961.
|
| 300 |
|
|
|a x, 465 pages ;
|c 22 cm.
|
| 336 |
|
|
|a text
|b txt
|2 rdacontent
|
| 337 |
|
|
|a unmediated
|b n
|2 rdamedia
|
| 338 |
|
|
|a volume
|b nc
|2 rdacarrier
|
| 500 |
|
|
|a Includes index.
|
| 650 |
|
0 |
|a Motion pictures.
|
| 650 |
|
0 |
|a Motion picture actors and actresses
|z United States
|v Biography.
|
| 999 |
|
|
|a MARS
|
| 999 |
f |
f |
|s 57af1934-42e1-353d-8c95-5571b29f40a1
|i a145e4a7-e7a6-30f9-bb01-05d67d0e8a6b
|t 0
|
| 952 |
f |
f |
|p ric
|a Texas A&M University
|b Rellis Campus
|c Joint Library Facility
|d Remote Storage
|t 0
|e PN1993.5.U65 G58
|h Library of Congress classification
|i unmediated -- volume
|m A14809785468
|
| 998 |
f |
f |
|a PN1993.5.U65 G58
|t 0
|l Remote Storage
|